00867cam a22002293a 450000100060000000300060000600500170001200800410002904000150007004200070008505000090009210000310010124502330013226000290036550600300039451600200042465300450044465300430048965300340053283000290056685600420059518593PGUSA20140828083409.0060615s2006||||xxu|||||s|||||000 | eng d aPGUSAbeng adc 4aE3001 aMarshall, John,d1755-183514aThe Life of George Washington, Vol. 3 :bCommander in Chief of the American Forces During the War which Established the Independence of his Country and First President of the United Statesh[electronic resource] /cJohn Marshall bProject Gutenberg,c2006 aPublic domain in the USA. aElectronic text aPresidents -- United States -- Biography aGenerals -- United States -- Biography aWashington, George, 1732-1799 0aProject Gutenbergv1859340uhttp://www.gutenberg.org/ebooks/18593